000 01268nam0a22002771 4500
001 rc\3534000
005 20260406140444.0
021 _aRU
_b[72-48465]
035 _a(NLR Aleph) 007666714
090 _a6390774
_c6390774
100 _a20130115d1972 |||y0rusy50 ca
101 0 _arus
102 _aRU
105 _ay z |||||
200 1 _aВлияние видимого света на рост и развитие животных и птицы
_fМ-во сел. хоз-ва ЛатвССР. Латв. науч.-исслед. ин-т животноводства и ветеринарии
210 _aРига
_cУпр. науч.-техн. информации
_d1972
215 _a13 с.
_d20
320 _aСписок лит. в конце книги (6 назв.)
606 _aСельскохозяйственные животные
_xРост и развитие
_xВлияние света
_2psbo
606 _aПтицы (с.-х.)
_xРост и развитие
_xВлияние света
_2psbo
712 0 2 _aЛатвийский НИИ животноводства и ветеринарии
_cРига
_3RU\NLR\AUTH\889919475
_9335155
801 0 _aRU
_bNLR
_gpsbo
801 1 _aRU
_bELAR
_2rusmarc
852 _aNLR
_j72-4/17541
942 _cBOOK
980 _aNB